000 01386cam a2200241 4500
001 WB3924-04
008 031105n2003 000 0 eng u
035 _a(Sirsi) u124234
245 _aEuropean indirect property vehicle navigator created
260 _c2003
490 _aDTZ News
_v27 October 2003 (1)
520 _aDTZ has launched a new database providing information about investment in European property vehicles. "DTZ navigator" contains details of over 400 European property funds with links to their websites and is freely available after registration. It results from a project of the European Indirect Vehicles Group. Holdings in European private property vehicles have grown by 38% in relation to two years previously and the market is likely to expand with the possibility of a UK real estate investment trust type of vehicle in the near future. "DTZ navigator" is available at http://www.dtzcorporatefinance.com/ http://www.dtz.com/www/dtzglobal.nsf/docs/5SMLWVLBAK?opendocument&subcat=&lang=1
590 _aWB
650 _aREITS
650 _aREITS
650 _aEUROPEAN INDIRECT PROPERTY VEHICLES
650 _aPROPERTY INVESTMENT
650 _aEUROPEAN PROPERTY INVESTMENT
650 _aPROPERTY FUNDS
650 _aEUROPEAN INDIRECT VEHICLES GROUP
690 _aPROPERTY-COMMERCIAL PROPERTY-COMMERCIAL PROPERTY FINANCE AND INVESTMENT
942 _n0
999 _c73742
_d73742